[Event "Titled Tuesday intern op 24th Jan Late"]
[Site "Chess.com INT"]
[Date "2023.01.24"]
[Round "2"]
[White "Gracia Alvarez, Gerardo Antonio"]
[Black "Yurovskich, Oleksandr"]
[Result "1-0"]
[WhiteElo "2238"]
[BlackElo "2328"]
[PlyCount "121"]
[EventDate "2023.01.24"]
[EventType "swiss (blitz)"]
[EventRounds "11"]
[EventCountry "USA"]
[SourceTitle "EXT 2024"]
[Source "ChessBase"]
[SourceDate "2023.10.10"]
[SourceVersion "1"]
[SourceVersionDate "2023.10.10"]
[SourceQuality "1"]

1. e4 d5 2. exd5 Qxd5 3. Nc3 Qd8 4. d4 Nf6 5. Nf3 Bg4 6. h3 Bxf3 7. Qxf3 c6 8. Be3 e6 9. 0-0-0 Bb4 10. Ne2 Qd5 11. Qxd5 cxd5 12. g4 Nc6 13. Bg2 h5 14. g5 Nd7 15. Bf4 Nb6 16. c3 Be7 17. h4 g6 18. Kb1 Kd7 19. Nc1 Bd6 20. Bxd6 Kxd6 21. Nd3 Rhc8 22. Rde1 Nc4 23. Rh3 Ne7 24. Re2 Nf5 25. Rh1 Rc7 26. Bh3 Nxh4 27. Bxe6 fxe6 28. Rxh4 Rf8 29. Nf4 e5 30. Nxg6 Rf5 31. Rxh5 Rg7 32. Rh6 Rxg5 33. Nxe5+ Kc7 34. Nxc4 dxc4 35. Rhe6 Rg1+ 36. Re1 R1g2 37. Re7+ Rxe7 38. Rxe7+ Kd6 39. Rf7 b5 40. a3 a6 41. Kc2 Kd5 42. Kd2 Rg1 43. Ra7 Rf1 44. Rxa6 Rxf2+ 45. Kc1 Rf1+ 46. Kc2 Rf2+ 47. Kb1 Ke4 48. Rb6 Rf1+ 49. Ka2 Rf5 50. Rc6 Rf8 51. Rc5 Rb8 52. a4 b4 53. Rxc4 b3+ 54. Ka3 Kd3 55. Rb4 Ra8 56. Kxb3 Ra7 57. d5 Rd7 58. a5 Rd8 59. a6 Rxd5 60. Rd4+ Rxd4 61. cxd4 1-0

[Event "Titled Tuesday intern op 10th Jan Early"]
[Site "Chess.com INT"]
[Date "2023.01.10"]
[Round "8"]
[White "Barria Zuniga, Daniel"]
[Black "Gracia Alvarez, Gerardo Antonio"]
[Result "1-0"]
[WhiteElo "2341"]
[BlackElo "2238"]
[PlyCount "91"]
[EventDate "2023.01.10"]
[EventType "swiss (blitz)"]
[EventRounds "11"]
[EventCountry "USA"]
[SourceTitle "EXT 2024"]
[Source "ChessBase"]
[SourceDate "2023.10.10"]
[SourceVersion "1"]
[SourceVersionDate "2023.10.10"]
[SourceQuality "1"]

1. d4 Nf6 2. c4 g6 3. Nc3 Bg7 4. e4 d6 5. Be2 0-0 6. Nf3 e5 7. d5 a5 8. Bg5 h6 9. Bh4 Na6 10. Nd2 Qe8 11. 0-0 Bd7 12. b3 Nh7 13. a3 h5 14. f3 Bh6 15. Rb1 Be3+ 16. Kh1 Bc5 17. Qc1 f5 18. exf5 gxf5 19. f4 e4 20. Re1 Qg6 21. Nf1 Nf6 22. h3 Kh7 23. Ne3 Rg8 24. Bf1 Qh6 25. Nc2 Ng4 26. Nd1 Ba7 27. b4 axb4 28. axb4 Rg6 29. Qd2 Rag8 30. Nd4 e3 31. Nxe3 Qxf4 32. hxg4 Bxd4 33. g3 Bxe3 34. Qxe3 Qxg4 35. Rbd1 f4 36. Qxf4 Qxf4 37. gxf4 Bg4 38. Rd4 Bf3+ 39. Kh2 Nxb4 40. Re7+ R8g7 41. Rxg7+ Rxg7 42. Rd2 Na6 43. Rf2 Be4 44. f5 Nc5 45. f6 Re7 46. fxe7 1-0

[Event "Titled Tuesday intern op 10th Jan Early"]
[Site "Chess.com INT"]
[Date "2023.01.10"]
[Round "1"]
[White "Gracia Alvarez, Gerardo Antonio"]
[Black "Halkias, Stelios"]
[Result "1/2-1/2"]
[WhiteElo "2238"]
[BlackElo "2516"]
[PlyCount "60"]
[EventDate "2023.01.10"]
[EventType "swiss (blitz)"]
[EventRounds "11"]
[EventCountry "USA"]
[SourceTitle "EXT 2024"]
[Source "ChessBase"]
[SourceDate "2023.10.10"]
[SourceVersion "1"]
[SourceVersionDate "2023.10.10"]
[SourceQuality "1"]

1. d4 Nf6 2. Bf4 e6 3. e3 d5 4. Nf3 Bd6 5. Ne5 0-0 6. Nd2 c5 7. c3 Qc7 8. Bd3 Nbd7 9. Ndf3 Ne4 10. Qc2 f5 11. Nxd7 Bxd7 12. Bxd6 Qxd6 13. Ne5 cxd4 14. exd4 Be8 15. 0-0 Rc8 16. f3 Nf6 17. Qb3 Rc7 18. Rfe1 Kh8 19. Re2 g5 20. Rae1 Bh5 21. Bb1 Rg7 22. Nd3 g4 23. Rxe6 gxf3 24. Rxd6 Rxg2+ 25. Kh1 Ng4 26. Qxd5 Rxh2+ 27. Kg1 Rg2+ 28. Kh1 Rh2+ 29. Kg1 Rg2+ 30. Kh1 Rh2+ 1/2-1/2

[Event "Titled Tuesday intern op 10th Jan Early"]
[Site "Chess.com INT"]
[Date "2023.01.10"]
[Round "3"]
[White "Gracia Alvarez, Gerardo Antonio"]
[Black "Malek, Jan"]
[Result "0-1"]
[WhiteElo "2238"]
[BlackElo "2384"]
[PlyCount "82"]
[EventDate "2023.01.10"]
[EventType "swiss (blitz)"]
[EventRounds "11"]
[EventCountry "USA"]
[SourceTitle "EXT 2024"]
[Source "ChessBase"]
[SourceDate "2023.10.10"]
[SourceVersion "1"]
[SourceVersionDate "2023.10.10"]
[SourceQuality "1"]

1. d4 d5 2. Nf3 e6 3. Bf4 Bd6 4. e3 Bxf4 5. exf4 Ne7 6. Nbd2 0-0 7. c3 c5 8. dxc5 Ng6 9. g3 Qc7 10. Bd3 Qxc5 11. 0-0 Nc6 12. Nb3 Qb6 13. Qe2 Re8 14. Nbd4 Bd7 15. h4 e5 16. Nxc6 Bxc6 17. fxe5 d4 18. cxd4 Bxf3 19. Qxf3 Qxd4 20. Bxg6 hxg6 21. Qxb7 Rab8 22. Qc7 Rxb2 23. Rad1 Qxe5 24. Qxa7 Qe4 25. Rde1 Qxe1 26. Rxe1 Rxe1+ 27. Kg2 Ra1 28. Qa8+ Kh7 29. Qd5 f6 30. h5 Raxa2 31. hxg6+ Kh6 32. Kh3 Rxf2 33. Qe4 f5 34. Qe3+ Kxg6 35. Qe6+ Kh7 36. Kh4 Ra4+ 37. Kh3 Rg4 38. Qe3 Rc2 39. Qd3 Rc5 40. Qd7 Re5 41. Qd6 Rge4 0-1